Smart kontrakty a blockchain

Guardado en:
Detalles Bibliográficos
Autor principal: Yuová, Mengxin Anna (Autor)
Otros Autores: Košťál, Kristián (Orientador)
Formato: Manuscrito Libro
Lenguaje:eslovaco
Publicado: 2022
Materias:
Acceso en línea:http://is.stuba.sk/zp/portal_zp.pl?podrobnosti=148621
Etiquetas: Agregar Etiqueta
Sin Etiquetas, Sea el primero en etiquetar este registro!

MARC

LEADER 00000ntm a22000003a 4500
001 stuzp88118
003 SK-STU
005 20220625211120.0
007 ta
008 150427s2015----xo-----f-mn---000-0-slo-d
040 |a STU  |b slo 
041 0 |a slo 
100 1 |a Yuová, Mengxin Anna  |u 070400  |4 aut  |U FIIT Fakulta informatiky a informačných technológií  |T FIIT Ústav počítačového inžinierstva a aplikovanej informatiky  |X 97111  |U I400  |Y 672  |7 97111 
242 0 1 |a Smart contracts and blockchain  |y eng 
245 1 0 |a Smart kontrakty a blockchain 
260 |c 2022 
650 4 |a digitálny kataster  |2 slo 
650 4 |a blockchain  |2 slo 
650 4 |a smart kontrakty  |2 slo 
650 4 |a ethereum  |2 slo 
650 4 |a blockchain  |2 eng 
650 4 |a smart contracts  |2 eng 
650 4 |a ethereum  |2 eng 
650 4 |a digital cadastre  |2 eng 
700 1 |a Košťál, Kristián  |u 070400  |k Z1  |4 ths  |U FIIT Fakulta informatiky a informačných technológií  |T FIIT Ústav počítačového inžinierstva a aplikovanej informatiky  |X 52559  |U I400  |Y 672  |7 52559 
856 4 |u http://is.stuba.sk/zp/portal_zp.pl?podrobnosti=148621